000 01044nam a22003377a 4500
003 CHAP
005 20220329132959.0
008 971013s1986 r 00010 d
010 _a904
011 _a1876
035 _a1061
040 _cCHAP
082 _a574.82016
_bB46
100 0 0 _aBhojwani, Sant S.
_912166
245 _aPlant tissue culture; A classified bibliography
260 _aAmsterdam :
_bElsevier,
_c1986
300 _a789 p.
500 _a39-139
590 _aBATCH-UPD
_b10
_c20130110
_lUCH01
_h0111
590 _aBATCH-UPD
_b10
_c20130110
_lUCH01
_h1601
590 _aBATCH-UPD
_b10
_c20130410
_lUCH01
_h0958
590 _aBATCH-UPD
_b10
_c20130914
_lUCH01
_h1114
590 _aCONVERSION
_b10
_c20130109
_lUCH01
_h1302
650 1 4 _aCultivo de tejidos
_xBibliografía.
_930214
650 1 4 _aPropagación de plantas.
_992417
700 0 _aCocking, Edward C.
_924227
700 0 _aDhawan, Vibha.
_932366
901 _aBK
942 _cLIBRO
949 _a574.82016 B46
_bBC
_cC
_d33724000516985
_eC
_gI. 151272
_h77801
_i1061
_si
_t800.30
999 _c904
_d904